Pojetí veřejného sektoru.

Vymedzenie pojmu verejný sektor. Význam systému národného účtovníctva pre vymedzenie verejného sektora. Národné účtovníctvo využíva vedľa členenia ekonomiky na odvetvia aj inštitucionálne členenie a členenie inštitucionálnej jednotky a odvetvia podľa charakteru outputu - podľa toho, či ide o produkc...

Descripción completa

Guardado en:
Detalles Bibliográficos
Autor principal: Nezval, P.
Formato: Capítulo de libro
Lenguaje:checo
Materias:
Etiquetas: Agregar Etiqueta
Sin Etiquetas, Sea el primero en etiquetar este registro!

MARC

LEADER 00000naa a2200000 4500
001 r009763
005 20220831090533.6
041 0 |a cze 
044 |a [CS] 
245 1 0 |a Pojetí veřejného sektoru.  |c P. Nezval 
520 |a Vymedzenie pojmu verejný sektor. Význam systému národného účtovníctva pre vymedzenie verejného sektora. Národné účtovníctvo využíva vedľa členenia ekonomiky na odvetvia aj inštitucionálne členenie a členenie inštitucionálnej jednotky a odvetvia podľa charakteru outputu - podľa toho, či ide o produkciu tovarov, trhových alebo netrhových služieb. Identifikácia odvetví patriacich do verejného sektora. 
610 2 0 |a sektor verejný 
610 2 0 |a účty národné 
610 2 0 |a služby 
610 2 0 |a štruktúra ekonomiky odvetvová 
610 2 0 |a odvetvia činnosti ekonomickej 
100 1 |a Nezval, P.